Maafkan aku, ibu

Bibliographic Details
Main Author: Abisha Naim
Corporate Author: Title
Format: Book
Published: Kuala Lumpur : Jurus Prinsip , 2006
Series:Siri budi bahasa kita
Subjects:

MARC

LEADER 00000cam a2200000 7i4500
001 0000002572
005 20151222.0
008 070712
020 |a 9833547001(set) 
020 |a 9833547044 
090 0 0 |a JF   |b MOR MAL (3509) 
100 0 |a Abisha Naim 
245 1 0 |a Maafkan aku, ibu   |c Abisha Naim 
260 |a Kuala Lumpur :   |b Jurus Prinsip ,   |c 2006 
440 |a Siri budi bahasa kita 
500 |a Children ages 7-9 years old (orange) 
650 0 |a Malay language   |x Readers   |x Fiction 
710 0 |a Title 
999 |a 0000969459   |b Book   |c Children Collection   |e Perbadanan Perpustakaan Awam Johor 
999 |a 0000969460   |b Book   |c Children Collection   |e Perbadanan Perpustakaan Awam Johor 
999 |a 0000969461   |b Book   |c Children Collection   |e Cawangan Sri Merlong